000 00489nam a2200193Ia 4500
001 59617
008 140520s9999 xx 000 0 und d
020 _a0029249813
040 _cPK-LaUMT
082 _a 613
_bPET-H
100 _aPeterson, Christopher
245 _aHealth and optimism
_cPeterson, Christopher<>Bossio, Lisa M.
260 _aNew York,USA:
_bThe Free Press,
_c1991
300 _a214 p.
546 _aEN
650 _aHealth
700 _aBossio, Lisa M.
942 _cBK
999 _c56945
_d56945